00948cam a22002655a 4500001001000000003000400010005001700014008004100031020001500072040003000087082002200117100002300139245005700162260005200219300002100271490003900292504005100331540004300382650004800425651006200473653002000535942000800555999001700563952010200580011397225OSt20180304125924.0000502t1998 enk frb 001 0 eng d a1850758689 aIeDuTCdUkdEG-ScBUEbeng04a321.8094222bLOR1 aLord, Christopher.10aDemocracy in the European Union /cChristopher Lord. aSheffield :bSheffield Academic Press,cc.1998. a148 p. ;c24 cm.0 aContemporary European studies ;v4 aIncludes bibliographical references and index. aCurrent Copyright Fee: GBP17.50c05Uk 7aDemocracyzEuropean Union countries.2BUEsh 7aEuropean Union countriesxPolitics and government.2BUEsh bGGENcMarch2018 2ddc c26217d26189 00102ddc4070aMAINbMAINc1STd2018-03-04l0o321.8094 LORp000047324r2025-07-15 00:00:00yBB